000 00617nam a2200241Ia 4500
005 20241129115524.0
008 241129s9999||||xx |||||||||||||| ||und||
020 _a9788195196135
037 _aTB
040 _aSDCL
_beng
_cSDCL
041 _aeng
_2eng
084 _aB43 R2
_qSDCL
100 _aKesavan S.
_9448965
245 0 _aFunctional analysis
250 _a2nd
260 _aDelhi
_bHindustan Book Agency
_c2022
300 _axiv,287p.
365 _aINR
_b0
490 _aTexts and readings in mathematics ( No.52 )
650 _aGift
942 _cTB
_hB43 R2
999 _c1230805
_d1230805